000 00542nam a2200217 a 4500
001 0001-1942
003 ELIB.Books
008 181212 2010 eng
020 _aKBTS
092 _a150.1
_bWea
100 _aWeatherhead, Leslie D.
245 _aPsychology and Life
260 _aLondon
_bHodder and Stoughton
_c1952
300 _a320
_c19 Cm
650 _aPsychology
856 _nKBTS Library
_uKBTS Elib
942 _2ddc
_cBK
990 _a1
998 _aEnglishbooks.elf
_ccat
_e2018-12-12
999 _c11942
_d11942